| 000 | 00607nam a2200193 a 4500 | ||
|---|---|---|---|
| 005 | 20230602063644.0 | ||
| 008 | 991125s1970 mx 000 0 spa u | ||
| 035 | _aUPN01000001382 | ||
| 049 | _aSEP | ||
| 050 | 4 |
_aPQ7297 H42 _bV5 |
|
| 100 | 1 |
_aHenestrosa, Andrés, _d1906-2008 |
|
| 245 | 1 | 4 |
_aUna alacena de alacenas / _cAndrés Henestrosa ; pról. de Henrique González Casanova. |
| 260 |
_aMéxico : _bINBA, _c1970. |
||
| 300 | _a135 p. | ||
| 440 | 0 |
_aEstudios literarios ; _v4 |
|
| 600 | 1 | 4 |
_aHENESTROSA, ANDRES, _d1906-2008 - _xCRITICA E INTERPRETACION |
| 650 | 4 |
_aNovela mexicana _94557 |
|
| 905 | _aLibro | ||
| 999 |
_c1382 _d1382 |
||